Análisis del control interno como mecanismo preventivo en el lavado de activo empresarial / (Registro nro. 3282)
[ vista simple ]
| 000 -LEADER | |
|---|---|
| fixed length control field | 02947nam a2200289 4500 |
| 005 - DATE AND TIME OF LATEST TRANSACTION | |
| control field | 20250329165421.0 |
| 008 - FIXED-LENGTH DATA ELEMENTS--GENERAL INFORMATION | |
| fixed length control field | 190730s2020 000 0 eng d |
| 040 ## - CATALOGING SOURCE | |
| Original cataloging agency | CO-CtgCURN |
| Language of cataloging | spa |
| Transcribing agency | coctgcurn |
| 041 0# - LANGUAGE CODE | |
| Language code of text/sound track or separate title | spa |
| 082 0# - DEWEY DECIMAL CLASSIFICATION NUMBER | |
| Classification number | COP 2020 |
| Item number | P977 |
| 100 1# - MAIN ENTRY--PERSONAL NAME | |
| Personal name | Puello Muñoz, Elda Rosa. |
| 245 10 - TITLE STATEMENT | |
| Title | Análisis del control interno como mecanismo preventivo en el lavado de activo empresarial / |
| Statement of responsibility, etc. | Elda Rosa Puello Muñoz, Yalimar Zabaleta Carrillo; José Zambrano. |
| 260 ## - PUBLICATION, DISTRIBUTION, ETC. | |
| Place of publication, distribution, etc. | Cartagena de Indias : |
| Name of publisher, distributor, etc. | Corporacion Universitaria Rafael Nuñez, |
| Date of publication, distribution, etc. | 2020. |
| 260 ## - PUBLICATION, DISTRIBUTION, ETC. | |
| Date of publication, distribution, etc. | 2020. |
| 300 ## - PHYSICAL DESCRIPTION | |
| Extent | 72 Hojas. |
| 336 ## - CONTENT TYPE | |
| Source | rdacontent |
| Content type term | text |
| Content type code | txt |
| 337 ## - MEDIA TYPE | |
| Source | rdacarrier |
| Media type term | sin mediacion |
| Media type code | n |
| 338 ## - CARRIER TYPE | |
| Source | rdacarrier |
| Carrier type term | volumen |
| Carrier type code | nc |
| 502 ## - DISSERTATION NOTE | |
| Dissertation note | Trabajo de grado (Contaduria Publica). Corporacion Universitaria Rafael Nuñez. Facultad de Ciencias contables y administrativas. Contaduria Publica, 2020. |
| 520 ## - SUMMARY, ETC. | |
| Summary, etc. | "Debido al crecimiento inherente y apresurado de las empresas los sistemas de control interno han tomado relevancia, pues se han convertido en un instrumento que le permite a la gerencia evaluar la eficacia y eficiencia en los procesos frente a los logros trazados con anterioridad, jugando de esta manera un papel fundamental dentro de la gestión pues permite evidenciar el valor agregado de las actividades cuando se desarrollan en debida forma. El control interno es un componente sumamente importante para la gerencia pues se encarga de medir y evaluar la eficiencia de los procesos realizados en la empresa, también asesora a la dirección para el mejoramiento de la gestión en la administración, valorando y estimando los planes establecidos por la gerencia, estipulando correctivos de ser necesario para que haya un mejor engranaje en los procesos de la empresa. Considerando que el control interno posee una serie de criterios este tiene la misión de mitigar una serie de riesgos existentes en la administración, con el objetivo de lograr la transparencia administrativa en cada uno de los procesos realizados por la gerencia. Por otro lado también tiene como objetivo diseñar las pautas para que se realicen dichos procedimientos y establecer las partes necesarias que permitan generar confianza en la información que este suministra cumpliendo con los lineamientos establecidos en la norma general vigente y así previniendo la mayor parte de los riesgos inherente como fraudes y salvaguardando los activos del ente económico y logrando una gestión con mayor eficiencia.." |
| 650 #0 - SUBJECT ADDED ENTRY--TOPICAL TERM | |
| Topical term or geographic name entry element | Contaduria pública |
| Form subdivision | Tesis y disertaciones academicas. |
| 700 1# - ADDED ENTRY--PERSONAL NAME | |
| Personal name | Zabaleta Carillo, Yelimar, |
| Relator term | coautor. |
| 700 1# - ADDED ENTRY--PERSONAL NAME | |
| Personal name | Zambrano, José, |
| Relator term | director. |
| 856 ## - ELECTRONIC LOCATION AND ACCESS | |
| Uniform Resource Identifier | <a href="https://unicurn.sharepoint.com/:b:/s/biblioteca/Ef1locvq0T1BoENVBs9oyvcBaafe75gwdiJSyB6oUTZDqQ?e=8f1QeB">https://unicurn.sharepoint.com/:b:/s/biblioteca/Ef1locvq0T1BoENVBs9oyvcBaafe75gwdiJSyB6oUTZDqQ?e=8f1QeB</a> |
| Public note | Click aqui para ver el recurso en texto completo |
| 942 ## - ADDED ENTRY ELEMENTS (KOHA) | |
| Koha item type | Trabajos de grado |
| Classification part | COP 2020 |
| Item part | P977 |
| Withdrawn status | Lost status | Damaged status | Not for loan | Collection | Home library | Current library | Shelving location | Date acquired | Cost, normal purchase price | Inventory number | Total checkouts | Full call number | Barcode | Date last seen | Price effective from | Koha item type |
|---|---|---|---|---|---|---|---|---|---|---|---|---|---|---|---|---|
| Trabajos de grado | Miguel Henríquez Castañeda | Miguel Henríquez Castañeda | Trabajo de grado | 03/29/2025 | 35000.00 | 023319 | COP 2020 P977 | 023319 | 03/29/2025 | 03/29/2025 | Trabajos de grado |